|
|
|
|
| LEADER |
00000cam a2200000 7i4500 |
| 001 |
0000002454 |
| 005 |
20240925.0 |
| 008 |
991130 at eng |
| 020 |
|
|
|a 0455203571
|
| 040 |
|
|
|a INS
|b eng
|e rda
|
| 090 |
0 |
0 |
|a KH41.3.T3
|b .W53 1982
|
| 100 |
1 |
|
|a Whalan, Douglas J. ,
|e author
|
| 245 |
1 |
4 |
|a The torrens system in Australia
|c Douglas J. Whalan
|
| 264 |
|
1 |
|a Sdyney :
|b Law Book Co
|c 1982
|
| 300 |
|
|
|a Ixvii, 410 pages ;
|c 24 cm.
|
| 336 |
|
|
|a text
|2 rdacontent
|
| 337 |
|
|
|a unmediated
|2 rdamedia
|
| 338 |
|
|
|a volume
|2 rdacarrier
|
| 500 |
|
|
|a Includes index
|
| 650 |
|
0 |
|a Torrens system
|z Australia
|
| 999 |
|
|
|a 0000000778
|b BOOK
|c Open Shelf
|e Default branch
|
| 999 |
|
|
|a 0000022375
|b BOOK
|c Open Shelf
|e Default branch
|